|
|
|
|
| LEADER |
01151nam a22002897a 4500 |
| 001 |
38966 |
| 003 |
BD-DhAAL |
| 008 |
220621t2022 bg ||||| b||| 001 0 eng d |
| 999 |
|
|
|c 44401
|d 44401
|
| 020 |
|
|
|a 9789845063814
|
| 040 |
|
|
|a BD-DhAAL
|c BD-DhAAL
|
| 082 |
|
|
|a 324.0954
|
| 100 |
|
|
|a Razzaq, Abdur
|9 49510
|
| 245 |
|
|
|a Political parties in India /
|c Abdur Razzaq ; edited by Ahrar Ahmad ; foreword by Rounaq Jahan
|
| 260 |
|
|
|a Dhaka :
|b University Press Limited,
|c 2022.
|
| 300 |
|
|
|a xxxiii, 184 pages ;
|c 22 cm.
|
| 504 |
|
|
|a Includes bibliographical references and index.
|
| 526 |
|
|
|a GenEd
|
| 541 |
|
|
|a Karim International
|e 38966
|
| 650 |
|
|
|a Political parties
|z India.
|9 49511
|
| 651 |
|
|
|a India
|x Politics and government
|y 19th century.
|9 49512
|
| 651 |
|
|
|a India
|x Politics and government
|y 20th century.
|9 49513
|
| 700 |
|
|
|a Ahmad, Ahrar
|9 49514
|
| 700 |
|
|
|a Jahan, Rounaq
|9 49515
|
| 852 |
|
|
|a Savar Campus Library
|c General Stacks
|
| 942 |
|
|
|2 ddc
|c BK
|
| 952 |
|
|
|0 0
|1 0
|2 ddc
|4 0
|6 324_095400000000000_RAZ
|7 0
|9 71034
|a SCL
|b SCL
|c GEN
|d 2022-06-18
|e Karim International
|g 720.00
|l 1
|o 324.0954 RAZ
|p 3020038966
|r 2025-08-24
|s 2025-08-16
|t 1
|v 720.00
|w 2022-06-18
|y BK
|